[Event "World Team-ch Open 2019"]
[Site "Astana"]
[Date "2019.03.12"]
[Round "7.2"]
[White "Grischuk, Alexander"]
[Black "Sevian, Samuel"]
[Result "1/2-1/2"]
[WhiteElo "2771"]
[BlackElo "2642"]
[Annotator "TA"]
[PlyCount "155"]
[EventDate "2019.02.05"]
[EventType "team-tourn"]
[EventCountry "KAZ"]
[SourceTitle "playchess.com"]
[Source "ChessBase"]
[SourceQuality "1"]
[WhiteTeam "Russia"]
[BlackTeam "United States"]
[WhiteTeamCountry "RUS"]
[BlackTeamCountry "USA"]

{[%evp 25,155,13,22,30,33,18,33,29,46,25,17,7,16,10,16,9,16,13,14,0,20,0,0,0,0,5,8,8,13,13,17,14,38,37,31,29,43,44,80,37,38,38,70,63,65,64,66,64,57,0,0,0,0,0,0,0,0,0,27,27,27,27,27,27,27,25,25,25,25,25,25,0,0,0,25,8,8,0,8,0,8,0,0,0,0,0,0,0,0,0,8,2,3,0,7,3,7,7,3,0,0,0,6,0,3,2,8,8,8,0,0,0,0,0,0,0,8,0,0,0,0,0,2,0,0,0,0,0,0,0,0,0]} 1. d4 Nf6 2. c4 e6 3. Nf3 d5 4. Bg5 h6 5. Bxf6 Qxf6 6. e3 Nd7 7. Nc3 c6 8. Bd3 g6 9. O-O Bg7 {D43: Semi-Slav: 5 Bg5 h6} 10. Re1 dxc4 11. Bxc4 O-O 12. e4 e5 (12... Qe7 13. e5 b6 14. Qe2 Rd8 15. Rad1 Bb7 16. h4 a6 17. a3 a5 18. Ba2 Rac8 19. Bb1 c5 20. d5 exd5 21. Nxd5 Bxd5 22. Rxd5 {1-0 (52) Le,Q (2739)-Wang,Y (2699) Ashkhabad 2017}) 13. d5 Nb6 {LiveBook: 20 Games} 14. Bb3 Rd8 15. h3 Bf8 16. Qe2 Bd7 17. Red1 $146 ({Predecessor:} 17. Nh2 Bb4 18. Qe3 Kg7 19. dxc6 bxc6 {½-½ (52) Al Sayed,M (2470)-Burnier,D (2343) Biel 2008}) 17... Rac8 18. a4 a5 19. dxc6 Bxc6 20. Qe3 Nd7 21. Nd5 Bxd5 22. Rxd5 Nc5 23. Bc4 Rxd5 24. Bxd5 b6 25. Rc1 Kg7 26. g3 Rc7 27. Kg2 Bd6 28. b3 Na6 29. Rxc7 Bxc7 30. Qc3 Nc5 31. h4 Qd6 32. Qc4 Qe7 33. h5 Bd8 34. Qc3 Nd7 35. hxg6 fxg6 36. Bc6 Qc5 37. Qc4 ({White should play} 37. Qxc5 $1 $14 Nxc5 38. Nxe5) 37... Qxc4 $11 38. bxc4 {[%mdl 4096] Endgame KBN-KBN} Nb8 $1 {[%cal Rb8c6]} 39. Bb5 Kf6 40. Ne1 Bc7 41. Nd3 g5 42. c5 bxc5 43. Nxc5 Bb6 44. Nd3 g4 45. Nb2 h5 46. Nc4 Bc7 47. Ne3 Kg5 48. f3 gxf3+ 49. Kxf3 Bb6 50. Nc4 Bc7 $1 {The position is equal.} 51. Ne3 Bb6 52. Nc4 Bc7 $1 53. Kg2 h4 54. gxh4+ Kxh4 55. Kf3 Kg5 56. Ne3 Bb6 57. Nd5 Bc5 58. Ke2 {next Kd3 is good for White.} Kg4 59. Nc7 Bg1 60. Ne6 Bb6 61. Kd3 Kf3 62. Nf8 Bd8 63. Ne6 Bb6 64. Ng7 Ba7 65. Nf5 {aiming for Nd6.} Bf2 66. Nd6 {[#] Threatens to win with Nc4.} Be1 $1 67. Ne8 Bb4 68. Ng7 Be1 69. Nf5 Bf2 70. Nd6 Be1 $1 71. Nc4 Kf4 $1 72. Nb6 Kf3 73. Nd5 Bh4 74. Ne3 Be1 75. Nc2 Bf2 76. Na3 {[#] Nc4 is the strong threat.} Be1 77. Nc4 Kf4 $1 78. Nd6 {Precision: White = 65%, Black = 71%.} 1/2-1/2

[Event "World Team-ch Open 2019"]
[Site "Astana"]
[Date "2019.03.12"]
[Round "7.3"]
[White "Lenderman, Aleksandr"]
[Black "Andreikin, Dmitry"]
[Result "1/2-1/2"]
[WhiteElo "2637"]
[BlackElo "2725"]
[Annotator "TA"]
[PlyCount "60"]
[EventDate "2019.02.05"]
[EventType "team-tourn"]
[EventCountry "KAZ"]
[SourceTitle "playchess.com"]
[Source "ChessBase"]
[SourceQuality "1"]
[WhiteTeam "United States"]
[BlackTeam "Russia"]
[WhiteTeamCountry "USA"]
[BlackTeamCountry "RUS"]

{[%evp 12,60,16,10,31,23,16,23,10,0,0,0,4,0,0,0,4,0,6,0,0,-21,-29,-18,-14,-18,-18,-40,-36,-30,-22,-20,0,0,0,0,0,0,0,0,0,0,0,0,0,0,0,0,0,0,0]} 1. d4 Nf6 2. c4 e6 3. Nf3 b6 4. g3 Bb7 5. Bg2 Be7 6. O-O O-O 7. Re1 c6 {E17: Queen's Indian: 4 g3 Bb7 5 Bg2 Be7} (7... Qc8 8. Nc3 Ne4 9. Bd2 f5 10. Rc1 d6 11. d5 e5 12. Bh3 Nxd2 13. Nxd2 g5 14. f3 g4 15. fxg4 fxg4 {½-½ (26) Ivanchuk,V (2717)-Andreikin,D (2719) Sitges 2018}) 8. Nc3 d5 9. Nd2 b5 $146 {White has an edge.} ({Predecessor:} 9... Nbd7 10. e4 dxc4 11. Nxc4 b5 12. Ne3 b4 13. Na4 Nb6 14. Nxb6 axb6 15. b3 c5 {0-1 (27) Bodiroga,P (2420)-Zakhartsov,V (2562) Prague 2010}) 10. cxb5 cxb5 11. Nxb5 Qb6 12. Nc3 Qxd4 13. e4 Na6 14. exd5 Nxd5 15. Nxd5 Bxd5 16. Nb3 Qxd1 17. Rxd1 Bxg2 18. Kxg2 Bf6 19. Rd7 Nb4 20. Nc5 Rfb8 21. Ne4 {The position is equal.} Nc2 22. Nxf6+ gxf6 23. Rb1 Na3 24. Ra1 Nc2 25. Rb1 Na3 26. Ra1 Nc2 27. Rb1 Na3 28. Ra1 Nc2 29. Rb1 Na3 30. Ra1 Nc2 {Accuracy: White = 73%, Black = 81%.} 1/2-1/2

[Event "World Team-ch Open 2019"]
[Site "Astana"]
[Date "2019.03.12"]
[Round "7.4"]
[White "Artemiev, Vladislav"]
[Black "Izoria, Zviad"]
[Result "1-0"]
[WhiteElo "2736"]
[BlackElo "2603"]
[Annotator "TA"]
[PlyCount "89"]
[EventDate "2019.02.05"]
[EventType "team-tourn"]
[EventCountry "KAZ"]
[SourceTitle "playchess.com"]
[Source "ChessBase"]
[SourceQuality "1"]
[WhiteTeam "Russia"]
[BlackTeam "United States"]
[WhiteTeamCountry "RUS"]
[BlackTeamCountry "USA"]

{[%evp 24,89,6,7,12,15,12,12,74,70,90,85,113,113,113,113,113,113,107,113,113,113,113,112,110,102,135,128,121,107,108,114,116,116,116,120,210,205,191,172,233,233,231,233,233,231,292,247,256,256,250,268,244,216,279,273,264,269,256,262,320,313,829,695,821,492,821,492]} 1. Nf3 Nf6 2. c4 e6 3. Nc3 d5 4. e3 c5 5. d4 dxc4 6. Bxc4 a6 7. O-O b5 8. Bb3 Bb7 9. e4 {D27: Queen's Gambit Accepted: Classical main line: 7 e4!? and 7 a4} cxd4 10. Nxd4 Nc6 11. Nxc6 Qxd1 12. Rxd1 Bxc6 13. f3 {LiveBook: 10 Games} Bc5+ 14. Kf1 Ke7 {[#]} 15. Ne2 $146 ({Predecessor:} 15. e5 Nd7 16. Bg5+ f6 17. exf6+ gxf6 {1-0 (28) Korobov,A (2675)-Lesiege,A (2512) Baku 2016}) 15... Rhd8 (15... Rac8 $11) 16. Bg5 $16 {Rdc1 is the strong threat.} Rxd1+ 17. Rxd1 {And now Rc1 would win.} Bd6 {[#]} 18. Rxd6 $1 Kxd6 {[#]} 19. e5+ $1 {[%mdl 512]} Kxe5 20. Bf4+ Kf5 {Strongly threatening ...Nd5.} 21. Bc2+ {[#]} Ne4 $1 22. fxe4+ (22. Bxe4+ Bxe4) 22... Kf6 23. Kf2 e5 24. Bd2 Ke7 25. Bb4+ Ke8 26. Ba5 Bd7 27. Bb3 Rc8 28. Nc3 Rc6 29. Nd5 Rh6 {[#]} (29... Bc8 $16 {was worth a try.} 30. Kf3 f6) 30. Bc3 $1 $18 Kf8 31. h3 f5 (31... Rc6 {might work better.} 32. Nb4 Rf6+ 33. Kg3 Rg6+ 34. Kh2 Be6) 32. exf5 Bxf5 33. Bxe5 a5 34. Ke3 Rc6 35. Nc3 b4 36. Bd5 Rc8 37. Nb5 Rc1 38. Nd6 Bb1 39. Nb7 Re1+ 40. Kd4 Re2 41. a4 Rxb2 42. Nxa5 Bc2 $2 (42... Rd2+ 43. Kc5 Re2 44. Bd6+ Ke8) 43. Nc4 {White is clearly winning.} Ra2 44. Bd6+ Ke8 45. Bxb4 {Precision: White = 97%, Black = 60%.} 1-0

[Event "World Team-ch Open 2019"]
[Site "Astana"]
[Date "2019.03.12"]
[Round "7.5"]
[White "Naiditsch, Arkadij"]
[Black "Adhiban, B.."]
[Result "1/2-1/2"]
[WhiteElo "2710"]
[BlackElo "2683"]
[Annotator "TA"]
[PlyCount "109"]
[EventDate "2019.02.05"]
[EventType "team-tourn"]
[EventCountry "KAZ"]
[SourceTitle "playchess.com"]
[Source "ChessBase"]
[SourceQuality "1"]
[WhiteTeam "Azerbaijan"]
[BlackTeam "India"]
[WhiteTeamCountry "AZE"]
[BlackTeamCountry "IND"]

{[%evp 9,109,11,20,18,20,18,13,11,13,12,14,11,16,25,18,16,20,0,0,-39,-8,-8,-8,-8,-8,-10,-10,-10,-4,-10,-6,-11,10,10,11,12,35,0,0,0,37,44,52,51,52,52,52,27,58,60,85,85,224,221,173,210,297,291,276,276,247,247,207,15,15,0,13,0,0,0,0,0,0,0,0,0,0,0,0,0,0,0,0,0,0,0,0,0,0,0,0,0,0,0,0,0,0,0,0,0,0,0]} 1. e4 e5 2. Nf3 Nc6 3. Bb5 a6 4. Bxc6 dxc6 5. O-O Qf6 6. d4 {C68: Ruy Lopez: Exchange Variation, sidelines} exd4 7. Bg5 Qd6 8. Nxd4 Bd7 9. Nc3 (9. c3 Ne7 10. Nd2 O-O-O 11. Kh1 Qg6 12. Be3 f5 13. f3 c5 {½-½ (73) Duda,J (2737)-Karjakin,S (2773) chess.com INT 2018}) 9... Ne7 10. Be3 c5 11. Nde2 Qxd1 12. Rfxd1 Ng6 13. Rd5 Bc6 $146 ({Predecessor:} 13... b6 14. a4 a5 15. Rd2 O-O-O 16. Nd5 Ne7 17. Nec3 Nxd5 18. Nxd5 Bc6 19. Rad1 Kb7 {0-1 (19) Lahdenmaeki,L (1882)-Herzog,K (1828) LSS email 2013}) 14. Rh5 (14. Rd2 {is more complex.} Bd6 15. f3 O-O-O 16. Rad1 b6 17. Nd5) 14... O-O-O 15. Bxc5 Bxc5 16. Rxc5 Rd2 17. Rc1 Bxe4 $1 18. Nxe4 Rxe2 19. Nd6+ Kb8 20. Nf5 Nf4 21. Kf1 {Black must now prevent Rc4.} Rd2 22. Nxg7 Rg8 23. Rc4 Ne2 24. Re1 Rxg7 25. Rxe2 $11 {[%mdl 4096] Endgame KRR-KRR} Rd1+ 26. Re1 Rxe1+ 27. Kxe1 Rxg2 $14 {KR-KR} 28. Rh4 Rg7 29. Ke2 Kc8 30. Kf3 $1 Kd7 (30... f6 $16 {was called for.}) 31. Rg4 $1 $18 {[%cal Rg4g7]} Rg6 32. Rxg6 $1 fxg6 {[#] KP-KP} (32... hxg6 $142 33. Ke4 Ke6) 33. Kf4 $1 Ke6 {[#]} 34. Kg5 $1 Kf7 35. Kh6 Kg8 36. c4 $2 (36. b4 $18) 36... a5 $1 $11 {The position is equal.} 37. b3 Kh8 $1 38. c5 Kg8 39. a3 Kh8 $1 40. b4 axb4 41. axb4 Kg8 42. f4 Kh8 $1 43. b5 Kg8 44. h3 Kh8 45. f5 gxf5 {Strongly threatening ...f4.} 46. Kg5 Kg7 47. Kxf5 {K3P-K3P} Kf7 48. Ke5 (48. b6 {with more complications.} cxb6 49. cxb6 Ke7 50. Kg5 Kd6 51. h4) 48... Ke7 $1 49. h4 b6 50. Kd5 {cxb6 would kill now.} bxc5 51. Kxc5 h5 52. Kc6 Kd8 53. Kd5 Kc8 54. Kc6 Kb8 55. b6 {Accuracy: White = 66%, Black = 77%.} 1/2-1/2

[Event "World Team-ch Open 2019"]
[Site "Astana"]
[Date "2019.03.12"]
[Round "7.6"]
[White "Sasikiran, Krishnan"]
[Black "Guseinov, Gadir"]
[Result "1/2-1/2"]
[WhiteElo "2678"]
[BlackElo "2664"]
[Annotator "TA"]
[PlyCount "109"]
[EventDate "2019.02.05"]
[EventType "team-tourn"]
[EventCountry "KAZ"]
[SourceTitle "playchess.com"]
[Source "ChessBase"]
[SourceQuality "1"]
[WhiteTeam "India"]
[BlackTeam "Azerbaijan"]
[WhiteTeamCountry "IND"]
[BlackTeamCountry "AZE"]

{[%evp 25,109,39,38,25,34,33,39,23,30,24,40,26,73,65,50,45,73,65,35,0,81,63,66,73,60,54,60,57,52,43,54,23,81,73,81,77,85,91,76,83,86,79,97,57,60,70,129,129,133,132,132,129,127,122,124,124,117,86,110,107,137,129,122,47,47,47,70,47,52,0,70,26,33,0,16,0,96,96,95,95,88,88,96,88,89,0]} 1. e4 c5 2. Nf3 Nc6 3. d4 cxd4 4. Nxd4 g6 5. c4 Nf6 6. Nc3 Nxd4 7. Qxd4 d6 8. Be2 Bg7 9. Be3 O-O 10. Qd2 a5 {[%cal Ba7a5,Ba5a4][%mdl 32] B36: Sicilian: Maroczy Bind: Gurgenidze System} 11. O-O a4 12. Rab1 Qa5 13. Rfc1 Be6 {LiveBook: 16 Games} 14. h3 Rfc8 15. b3 axb3 16. axb3 {[#]} Qb4 $146 ({Predecessor:} 16... h5 17. b4 Qd8 18. c5 {½-½ (26) Zhigalko,S (2669)-Azarov,S (2577) Bad Wiessee 2016}) 17. Qe1 Bd7 18. Bf3 Ra3 {[#]} 19. Bd2 $1 Qb6 ({Avoid the trap} 19... Rxb3 $2 20. Nd5 $18) 20. Qd1 h6 21. Be3 Qb4 22. Bd2 Qb6 {[#]} 23. c5 $1 {[%mdl 512]} dxc5 (23... Qxc5 24. Nd5) 24. e5 {Hoping for Be3.} Ne8 25. Be3 Be6 26. Nd5 Bxd5 $1 27. Qxd5 {[%cal Re3c5]} e6 $1 {[%cal Re6d5]} 28. Qd7 Rd8 (28... Qc7 $11 29. Qxc7 Rxc7) 29. Qe7 $16 Bf8 30. Bxc5 Bxe7 31. Bxb6 Rb8 32. b4 Ra6 33. Bc5 Bg5 34. Rc4 b6 35. Bd4 Ra7 (35... b5 $14 36. Rc6 Ra4) 36. b5 Kf8 37. g3 $36 {[%cal Bg2g3,Bg3g4][%mdl 2080] Keeping Black busy.} Ng7 38. Rc6 Bd8 {[#]} 39. g4 $1 Ne8 40. Be3 g5 41. Rd1 Ra5 42. Be2 Ra4 43. Bc4 Bc7 44. Rc1 (44. f4 $16) 44... Bxe5 $14 45. Bxb6 Kg7 46. Bc5 Nf6 47. Bf1 ({Better is} 47. Ra6 $14 Rxc4 48. Rxc4 Rxb5 49. Rb6) 47... Nd5 (47... Nd7 $11) 48. Ra6 Rf4 49. Rc2 Nb4 50. Rc4 Rxb5 (50... Rxc4 $11 {remains equal.} 51. Bxc4 Rc8 52. Bxb4 Rxc4) 51. Rxf4 $16 {White is better.} Nxa6 52. Bxb5 Nxc5 53. Rc4 Bd6 54. Rd4 Be5 55. Rc4 {Precision: White = 64%, Black = 72%.} (55. Rd8 $16) 1/2-1/2

[Event "World Team-ch Open 2019"]
[Site "Astana"]
[Date "2019.03.12"]
[Round "7.7"]
[White "Safarli, Eltaj"]
[Black "Ganguly, Surya Shekhar"]
[Result "1/2-1/2"]
[WhiteElo "2662"]
[BlackElo "2633"]
[Annotator "TA"]
[PlyCount "100"]
[EventDate "2019.02.05"]
[EventType "team-tourn"]
[EventCountry "KAZ"]
[SourceTitle "playchess.com"]
[Source "ChessBase"]
[SourceQuality "1"]
[WhiteTeam "Azerbaijan"]
[BlackTeam "India"]
[WhiteTeamCountry "AZE"]
[BlackTeamCountry "IND"]

{[%evp 12,100,-12,-10,0,8,12,10,10,10,10,10,10,10,10,21,21,13,10,16,10,10,12,8,9,18,8,21,43,50,33,0,0,0,0,0,0,-8,-9,-9,0,-36,-23,-36,0,0,0,0,57,49,104,96,103,103,112,103,120,94,97,80,90,90,90,57,88,36,57,57,57,57,57,57,57,36,103,14,14,8,8,8,66,0,0,0,0,0,0,0,0,0,0]} 1. e4 e5 2. Nf3 Nc6 3. Bb5 Nf6 4. O-O Nxe4 5. d4 Nd6 6. dxe5 Nxb5 7. a4 Nbd4 {C67: Ruy Lopez: Berlin Defence: 4 0-0 Nxe4} 8. Nxd4 d6 (8... d5 9. Nxc6 bxc6 10. Nd2 Rb8 11. Qf3 c5 12. Rd1 Be6 13. Nf1 Qd7 14. h3 Be7 15. Qg3 {½-½ (53) Naiditsch,A (2736)-Kryvoruchko,Y (2698) Hungary 2018}) 9. Nxc6 bxc6 10. Re1 dxe5 11. Rxe5+ Be6 12. Qf3 Qd7 13. Nc3 Bd6 {[#]} 14. Re2 $146 ({Predecessor:} 14. Re1 O-O 15. Bf4 {½-½ (60) Vocaturo,D (2616)-Basso,P (2459) Gallipoli 2018}) 14... O-O {[#] Hoping for ...Bg4.} 15. h3 Rfe8 16. Bf4 Rab8 17. Rae1 Rxb2 18. Ne4 Bxf4 19. Qxf4 Rbb8 20. Re3 Bf5 21. Nc5 Rxe3 22. Qxe3 Qd6 23. Na6 Rf8 24. c3 h6 25. a5 Rd8 26. Nc5 {aiming for Nb7.} Rb8 27. a6 Rb6 28. g4 $36 {[%mdl 2048] White is more active.} Be6 29. c4 Kh8 (29... Bc8 $11) 30. Kg2 $14 Rb2 (30... Kh7 $14) 31. Nxe6 $16 Qxe6 32. Qxe6 fxe6 33. Rxe6 {[%mdl 4096] Endgame KR-KR} Rb6 34. c5 Rxa6 35. f4 Ra1 36. Rxc6 a5 37. Rxc7 a4 38. Kg3 (38. c6 $16) 38... a3 39. Ra7 a2 40. Kh4 Rc1 41. Rxa2 {And now Ra8+ would win.} Rxc5 42. f5 Rc3 {[#]} ({Black should try} 42... Kh7 $14) 43. Rg2 (43. Kh5 $1 $16) 43... g6 $11 44. Ra2 {Strongly threatening Ra8+.} gxf5 45. gxf5 Kg7 (45... Rc4+ $11 46. Kh5 Kg7) 46. Kg4 ({White should play} 46. Ra6 $14) 46... Rc4+ {The position is equal.} 47. Kh5 Kf6 48. Ra5 Rb4 49. h4 Rc4 50. Rb5 Ra4 {Accuracy: White = 52%, Black = 57%.} 1/2-1/2

[Event "World Team-ch Open 2019"]
[Site "Astana"]
[Date "2019.03.12"]
[Round "7.8"]
[White "Sethuraman, S.P."]
[Black "Abasov, Nijat"]
[Result "1/2-1/2"]
[WhiteElo "2637"]
[BlackElo "2627"]
[Annotator "TA"]
[PlyCount "61"]
[EventDate "2019.02.05"]
[EventType "team-tourn"]
[EventCountry "KAZ"]
[SourceTitle "playchess.com"]
[Source "ChessBase"]
[SourceQuality "1"]
[WhiteTeam "India"]
[BlackTeam "Azerbaijan"]
[WhiteTeamCountry "IND"]
[BlackTeamCountry "AZE"]

{[%evp 10,61,6,-3,12,5,6,8,14,7,34,-10,75,80,80,77,120,124,79,27,20,20,24,16,30,27,73,5,9,0,6,0,0,0,0,0,0,0,14,10,22,0,0,0,0,-13,-8,-8,-13,-5,-12,-15,-6,-19]} 1. e4 e5 2. Nf3 Nf6 3. Nxe5 d6 4. Nc4 Nxe4 5. Qe2 Qe7 6. Ne3 {And now Nd5 would win.} Be6 {C42: Petroff Defence: 3 Nxe5 and unusual White 3rd moves} (6... c6 7. b3 d5 8. Bb2 Na6 9. g3 Be6 10. Bg2 O-O-O 11. c4 Nf6 12. cxd5 Bxd5 13. Bxf6 Qxf6 14. Nxd5 Qxa1 {0-1 (29) Robson,R (2682)-Kuzubov,Y (2655) Saint Louis 2018}) 7. c4 Nc6 8. Nc3 $1 {[%cal Rc3e4]} Nf6 9. Ncd5 Qd8 $146 ({Predecessor:} 9... Nd4 10. Qd3 Bxd5 11. Qxd4 c5 12. Qh4 Bc6 13. d4 cxd4 14. Qxd4 {½-½ (56) Fluvia Poyatos,J (2454)-Mellado Trivino,J (2436) Catalunya 2009}) 10. b3 Be7 (10... g6 $11) 11. Bb2 $16 O-O 12. g3 Nxd5 13. cxd5 Bf6 14. dxc6 (14. Bxf6 $16 Qxf6 15. Qd1 Bxd5 16. Nxd5 Rfe8+ 17. Ne3) 14... Bxb2 $11 15. Rb1 Bd4 16. cxb7 Rb8 17. Bg2 Qd7 {[#]} 18. O-O ({Better is} 18. Qa6 $1 $16) 18... d5 $1 {The position is equal.} 19. Qa6 c5 20. Nc2 Bf6 $1 21. d4 cxd4 22. Rbd1 Rxb7 23. Nxd4 Rb6 24. Qd3 Bg4 25. Bf3 Bh3 26. Rfe1 g6 27. Ne2 {[#]} d4 $1 {[%mdl 512]} 28. Nf4 (28. Nxd4 Rd6) 28... Bf5 29. Be4 Bxe4 30. Qxe4 Rd6 31. Nd3 {Accuracy: White = 63%, Black = 61%.} 1/2-1/2

[Event "World Team-ch Open 2019"]
[Site "Astana"]
[Date "2019.03.12"]
[Round "7.9"]
[White "Adams, Michael"]
[Black "Amin, Bassem"]
[Result "0-1"]
[WhiteElo "2708"]
[BlackElo "2709"]
[Annotator "TA"]
[PlyCount "134"]
[EventDate "2019.02.05"]
[EventType "team-tourn"]
[EventCountry "KAZ"]
[SourceTitle "playchess.com"]
[Source "ChessBase"]
[SourceQuality "1"]
[WhiteTeam "England"]
[BlackTeam "Egypt"]
[WhiteTeamCountry "ENG"]
[BlackTeamCountry "EGY"]

{[%evp 28,134,25,0,26,16,8,18,13,6,14,8,4,0,30,16,22,28,51,0,0,0,0,-49,7,12,60,68,64,62,59,-97,-103,-102,-89,-112,-96,-89,-104,-129,-89,-113,-118,-113,-120,-113,-125,-163,-164,-163,-164,-159,-159,-164,-162,-183,-179,-162,-80,-95,-97,-92,-103,-94,-95,-101,-99,-440,-121,-427,-108,-113,-99,-227,-237,-362,-335,-379,-379,-508,-497,-560,-541,-620,-622,-622,-622,-729,-622,-6049,-6526,-29961,-29964,-12834,-11884,-4149,-4137,-8012,-4149,-29984,-29985,-29989,-29990,-29989,-29990,-29992,-29990,-29990,-4116]} 1. e4 e5 2. Nf3 Nc6 3. Bb5 a6 4. Ba4 Nf6 5. O-O Be7 6. Re1 b5 7. Bb3 d6 8. c3 O-O 9. h3 Nb8 10. d4 Nbd7 11. Nbd2 Bb7 12. Bc2 Re8 13. Nf1 Bf8 14. Ng3 g6 15. b3 a5 {C95: Closed Ruy Lopez: Breyer Variation with 10 d4} 16. a4 b4 17. cxb4 axb4 {The position is equal.} 18. Bb2 Bh6 19. dxe5 dxe5 {[#]} 20. Qe2 $146 ({Predecessor:} 20. Bd3 Nc5 21. Bb5 c6 22. Bc4 Qxd1 23. Raxd1 {1-0 (58) Zhigalko,S (2661)-Eljanov,P (2707) Kiev 2013}) 20... Qe7 21. Bd3 Bf4 22. Bb5 Red8 23. Rad1 (23. a5 $1 $14) 23... Nc5 $11 24. Bc4 Rd6 25. Nf1 {aiming for g3.} Nfd7 ({Stronger than} 25... Bxe4 26. g3 $18) (25... Ncxe4 $15 26. g3 Qd7 27. gxf4 Qxh3) 26. Ne3 Bxe3 27. Qxe3 Nxe4 28. Rc1 c5 29. Qh6 $2 (29. Bd3 $14 Nc3 30. Bxc3 bxc3 31. Rxc3) 29... g5 $1 $36 {[%mdl 2048] White is under strong pressure.} 30. Qh5 {Threatens to win with Bxe5!} Ndf6 31. Qxf7+ Qxf7 32. Bxf7+ Kxf7 33. Nxe5+ Kf8 {Strongly threatening ...Rd2.} 34. Nc4 Rd3 35. f3 Nc3 36. Ne5 Rd5 37. Nc4 Re8 38. Rxe8+ Kxe8 39. Bxc3 bxc3 40. Rxc3 Rd1+ 41. Kf2 Nd5 42. Rc2 Ba6 (42... Nf4 $19 43. a5 Rd3) 43. Nd6+ {[%mdl 64] Discovered Attack} Ke7 44. Ne4 Nb4 45. Rc3 {[#]} Rd5 $1 46. Ke3 Nd3 {And now ...Nb2 would win.} 47. g3 $2 {[%mdl 8192] [#]} (47. Rc2 $17 {nothing else works.}) 47... h6 $2 (47... Nb2 $1 $19 {[%cal Rb2d1]} 48. Rc1 Nd1+ 49. Rxd1 Rxd1 50. Nxc5 Bc8) 48. h4 $2 {[%mdl 8192]} (48. Rc2 $17 {is a better chance.}) 48... gxh4 $2 (48... Nb2 $19 {[%cal Rb2d1] is more deadly.} 49. Rc1 Nd1+ 50. Rxd1 Rxd1 51. Nxc5 gxh4 52. gxh4 Bc8) 49. gxh4 Rf5 50. b4 (50. Rc2 $17 {was called for.}) 50... cxb4 $19 51. Rc6 (51. Rc7+ {was the only chance.} Kf8 52. Rc6) 51... Ra5 52. Rxh6 b3 53. Rb6 b2 54. Nc3 Kd7 55. Kd4 Kc7 56. Rb3 Kc6 57. Nd1 Rd5+ 58. Kc3 Nc5 59. Rb4 Rxd1 60. Kxb2 Rd2+ 61. Kc3 Rd3+ 62. Kc2 Rxf3 63. a5 Kd5 {Black mates.} 64. Rg4 Bd3+ 65. Kb2 Bf5 66. Rg8 Rb3+ 67. Kc1 Ke5 {Accuracy: White = 31%, Black = 57%.} (67... Kd4 $142 68. Kd1 Bd3 69. Rd8+ Ke3 70. Rxd3+ Nxd3 71. Kc2 Rb5 72. Kc3 Rc5+ 73. Kb3 Kd4 74. h5 Rc3+ 75. Ka2 Kc4 76. h6 Rc2+ 77. Ka3 Nc1 78. h7 Ra2#) 0-1

[Event "World Team-ch Open 2019"]
[Site "Astana"]
[Date "2019.03.12"]
[Round "7.10"]
[White "Adly, Ahmed"]
[Black "McShane, Luke J"]
[Result "1/2-1/2"]
[WhiteElo "2611"]
[BlackElo "2661"]
[Annotator "TA"]
[PlyCount "161"]
[EventDate "2019.02.05"]
[EventType "team-tourn"]
[EventCountry "KAZ"]
[SourceTitle "playchess.com"]
[Source "ChessBase"]
[SourceQuality "1"]
[WhiteTeam "Egypt"]
[BlackTeam "England"]
[WhiteTeamCountry "EGY"]
[BlackTeamCountry "ENG"]

{[%evp 16,161,18,7,19,5,40,18,26,14,27,20,13,20,33,23,23,0,0,0,0,0,0,-17,0,0,0,-16,-12,-7,0,0,0,-6,0,-33,0,0,0,0,0,0,0,0,-4,-21,0,-16,-15,-16,0,0,0,0,0,0,14,3,11,11,18,13,14,12,9,10,18,18,18,7,11,11,18,0,42,42,42,42,42,42,42,19,19,19,42,0,10,0,42,33,42,42,42,42,42,42,42,42,42,35,35,35,35,35,42,42,42,42,42,8,42,7,13,13,21,10,10,8,8,8,8,8,10,10,10,13,33,13,20,0,0,0,0,0,0,0,0,0,0,0,0,0,0,0,0,0,0,0]} 1. Nf3 Nf6 2. g3 g6 3. Bg2 Bg7 4. c4 c6 5. O-O O-O 6. d4 d5 7. cxd5 cxd5 8. Nc3 Ne4 9. Nd2 Nf6 {D79: Fianchetto Grünfeld: Symmetrical Variation (6 0-0 c6 7 cxd5 cxd5)} 10. Nb3 Bf5 $146 ({Predecessor:} 10... Nc6 11. Bg5 e6 12. Qd2 Qb6 13. Rfd1 a5 14. Rac1 Qb4 15. Na1 a4 16. Nc2 Qa5 17. f3 {1-0 (44) Fominyh,A (2515)-Glek,I (2580) Elista 1995}) 11. Bg5 Ne4 $1 {[%cal Re4g5]} 12. Nxe4 Bxe4 13. f3 Bf5 $1 14. e4 Be6 15. e5 f6 16. exf6 (16. Be3 {feels hotter.} b6 17. Re1 Nc6 18. Rc1 Qd7 19. Bf2) 16... exf6 17. Be3 Nc6 18. Qd2 b6 19. Bh6 Qd7 20. Bxg7 Kxg7 21. Rfc1 Rfc8 22. Bf1 Nd8 23. Ba6 Rxc1+ 24. Rxc1 Nf7 25. Qc3 Rd8 26. Qc6 Qe7 27. Re1 Rd6 {[%cal Bd8d6,Bd6c6,Bc6c7][%mdl 32]} 28. Qb5 Qd8 29. Re3 Bd7 30. Qe2 Rc6 31. Bd3 Rc7 32. Kg2 Bc8 33. Nd2 Qd7 34. Qd1 Qd6 35. a3 Re7 36. Qe1 Rxe3 37. Qxe3 Qe6 (37... Bd7 {is interesting.} 38. h4 h5 39. Nb1 Nh6 40. Nc3 Bf5) 38. Qxe6 Bxe6 $11 {[%mdl 4096] Endgame KBN-KBN} 39. Nb1 Nd6 40. Nc3 g5 (40... Bf5 $5 {[%cal Rf5d3]} 41. Bb5 Be6 $11) 41. Kf2 h6 42. Nd1 Kf7 43. Ne3 Ke7 44. b4 {[%cal Bb2b4,Bb4b5][%mdl 32]} Kd7 45. b5 Ne8 46. Ke1 Kd6 47. Kd2 Bd7 48. Kc3 Ng7 49. a4 Be6 50. Kb4 Bd7 51. Kc3 Be6 52. f4 Bd7 53. f5 h5 54. h3 Be8 55. Kd2 Bf7 56. Ke2 Ne8 57. Kf3 Ke7 58. Nc2 Nc7 59. Nb4 Be8 60. Ke3 Kd6 61. h4 g4 62. Be2 Bf7 63. Kf4 Ne8 64. Bd1 Kd7 65. Bb3 Kd6 66. Ke3 Ng7 67. Bc2 Be8 68. Kf4 Bf7 69. Bd1 Be8 70. Bb3 Bf7 $1 71. Nd3 Be8 {The position is equal.} 72. Ne5 fxe5+ 73. dxe5+ Kc5 74. Kg5 {Strongly threatening Bc2.} Nxf5 75. Kxf5 {KB-KB} d4 76. Kf6 d3 77. Ke7 Bg6 {aiming for ...Be4.} (77... Kb4 $5 78. Bd1 $8 Bg6 $11) 78. e6 Kb4 79. Bd1 Kc3 80. Kf6 Be8 81. Ke7 {Accuracy: White = 68%, Black = 61%.} 1/2-1/2